000 00844nac a22002171u 4500
008 090212t xxu||||| |||| 00| 0 eng d
020 _a0070650500
082 0 0 _a621.3815
_bTOK
100 _aTokheim, Roger L.
245 1 0 _aSchaum's Outline of Theory And Problems of Digital Principles /
_cby Roger L. Tokheim.
250 _a3rd ed.
260 _aNew York :
_bMcGraw-Hill,
_c1994
300 _a352 p. :
_bill. ;
_c28 cm.
490 0 _aSchaum's outline series
490 0 _aSchaum's vocational and technical series
500 _aIncludes index.
650 0 _aDigital electronics.
740 0 _aDigital principles.
942 _cBB
_k621.3815TOK
_2ddc
999 _c10834
_d10834